000 00481nam a2200181Ia 4500
005 20250508155402.0
008 008 250505s9999 xx 000 0 eng d
037 _aTextual
040 _aFEDL
_beng
_cFEDL
041 _aeng
_2eng
084 _aB, RII
_qFEDL
100 _aRiis Jacob A
_9766945
245 0 _aMaking of an American
260 _aNew York, USA
_bThe Macmillan Company
_c1960
300 _a283p.
942 _cTEXL
_hB, RII
999 _c1356389
_d1356389